000 00868nam a22002297a 4500
999 _c63883
_d63883
005 20240530110703.0
008 171225s2015 ua a g b 000 0dara d
017 _a2015/1878
_bمصر. دار الكتب
020 _a9789779101378
040 _aEG-CaGPL
_cEG-CaGPL
082 0 4 _221
_a745.61995309\
_bو ف
100 0 _aوليد سيد حسنين
245 1 0 _aفن الخط العربى :
_bالمدرسة العثمانية /
_cوليد سيد حسنين .
250 _aط.1
260 _aالقاهرة :
_bالهيئة المصرية العامة للكتاب ،
_c2015 .
300 _a265 ص. ؛
_c24 سم.
504 _aيشتمل على ارجاعات ببليوجرافية
650 0 7 _2qrmak
_aالخط العربى
650 0 7 _2qrmak
_aالخط العربى
_xتاريخ
942 _2ddc
_cBK